[Event "Online Olym Div2 C"]
[Site "Chess.com INT"]
[Date "2020.08.16"]
[Round "9.5"]
[White "Garanin, Aleksei"]
[Black "Stijve, Theo"]
[Result "0-1"]
[WhiteElo "2233"]
[BlackElo "2249"]
[PlyCount "90"]
[EventDate "2020.08.14"]
[EventType "team-tourn (rapid)"]
[EventRounds "9"]
[EventCountry "USA"]
[SourceTitle "CBM 198"]
[Source "ChessBase"]
[SourceDate "2020.10.31"]
[SourceVersion "1"]
[SourceVersionDate "2020.10.31"]
[SourceQuality "1"]
[WhiteTeam "Estonia"]
[BlackTeam "Switzerland"]
[WhiteTeamCountry "EST"]
[BlackTeamCountry "SUI"]

1. d4 Nf6 2. c4 e6 3. Nf3 d5 4. g3 Be7 5. Bg2 0-0 6. 0-0 dxc4 7. Ne5 Nc6 8. Nxc6 bxc6 9. Bxc6 Rb8 10. Bg2 Bb7 11. Nc3 c5 12. dxc5 Bxg2 13. Kxg2 Bxc5 14. Qa4 Rb4 15. Qc2 Qc7 16. f3 h6 17. Bd2 Rbb8 18. e4 Rfd8 19. Rad1 Nd7 20. Bf4 Ne5 21. Rxd8+ Rxd8 22. Rd1 Rxd1 23. Nxd1 Bd4 24. Ne3 Bxe3 25. Bxe3 Nd3 26. Qc3 Qd7 27. Bd4 e5 28. Bxe5 Nxe5 29. Qxe5 Qd2+ 30. Kh3 Qd7+ 31. g4 Qd3 32. Qe8+ Kh7 33. Qxf7 Qf1+ 34. Kg3 Qg1+ 35. Kf4 Qxh2+ 36. Kf5 Qxb2 37. Qg6+ Kg8 38. Qe6+ Kh7 39. Qg6+ Kg8 40. Qc6 Qf6+ 41. Qxf6 gxf6 42. Kxf6 c3 43. e5 c2 44. e6 c1Q 45. e7 Qc6+ 0-1

[Event "Online Olym Div2 C"]
[Site "Chess.com INT"]
[Date "2020.08.16"]
[Round "8.5"]
[White "Martins, Bruno Andre Leite"]
[Black "Garanin, Aleksei"]
[Result "0-1"]
[WhiteElo "2206"]
[BlackElo "2233"]
[PlyCount "128"]
[EventDate "2020.08.14"]
[EventType "team-tourn (rapid)"]
[EventRounds "9"]
[EventCountry "USA"]
[SourceTitle "CBM 198"]
[Source "ChessBase"]
[SourceDate "2020.10.31"]
[SourceVersion "1"]
[SourceVersionDate "2020.10.31"]
[SourceQuality "1"]
[WhiteTeam "Portugal"]
[BlackTeam "Estonia"]
[WhiteTeamCountry "POR"]
[BlackTeamCountry "EST"]

1. e4 c5 2. Nf3 d6 3. d4 cxd4 4. Nxd4 Nf6 5. Nc3 a6 6. Bd3 Nc6 7. Nxc6 bxc6 8. 0-0 g6 9. f4 Bg7 10. Qf3 0-0 11. h3 Rb8 12. Rb1 Nd7 13. Be3 Qa5 14. Bd2 c5 15. Qe2 e6 16. Kh1 Bb7 17. Bc4 Rfe8 18. Rbd1 Qb6 19. b3 d5 20. Bd3 f5 21. e5 Qc6 22. Nb1 Nb6 23. Na3 c4 24. bxc4 Qc5 25. Bc1 Bf8 26. cxd5 Nxd5 27. Qf2 Qxf2 28. Rxf2 Nc3 29. Re1 Nxa2 30. Nc4 Nxc1 31. Rxc1 Bc5 32. Rff1 Bd5 33. Ra1 Rb4 34. Nd6 Bxd6 35. exd6 Rd8 36. Rxa6 Bb7 37. Ra7 Rxd6 38. Re1 Rb2 39. Bc4 Kf7 40. Bb3 Rb6 41. Rd1 Ke7 42. Re1 Kf6 43. Kg1 Be4 44. Rd1 g5 45. fxg5+ Kxg5 46. Rxh7 Kf4 47. Rf1+ Ke3 48. Re7 R6xb3 49. Re1+ Kd2 50. Rxe4 fxe4 51. cxb3 e3 52. Rxe6 Rxb3 53. g4 e2 54. Kg2 Re3 55. Rd6+ Kc3 56. Rc6+ Kd4 57. Rc1 e1Q 58. Rxe1 Rxe1 59. Kg3 Ke5 60. Kh4 Kf6 61. Kh5 Kg7 62. h4 Re5+ 63. g5 Re4 64. g6 Re5+ 0-1

[Event "Online Olym Div2 C"]
[Site "Chess.com INT"]
[Date "2020.08.15"]
[Round "4.5"]
[White "Garanin, Aleksei"]
[Black "Stevanic, David"]
[Result "1-0"]
[WhiteElo "2233"]
[BlackElo "2337"]
[PlyCount "55"]
[EventDate "2020.08.14"]
[EventType "team-tourn (rapid)"]
[EventRounds "9"]
[EventCountry "USA"]
[SourceTitle "CBM 198"]
[Source "ChessBase"]
[SourceDate "2020.10.31"]
[SourceVersion "1"]
[SourceVersionDate "2020.10.31"]
[SourceQuality "1"]
[WhiteTeam "Estonia"]
[BlackTeam "Slovenia"]
[WhiteTeamCountry "EST"]
[BlackTeamCountry "SLO"]

1. d4 Nf6 2. c4 g6 3. Nc3 Bg7 4. e4 d6 5. Nf3 0-0 6. Be2 e5 7. 0-0 exd4 8. Nxd4 Re8 9. f3 Nc6 10. Nxc6 bxc6 11. Bg5 h6 12. Bh4 g5 13. Bf2 Nh5 14. Qd2 f5 15. Rfe1 Nf4 16. Bf1 fxe4 17. Nxe4 Bf5 18. Rad1 Bxe4 19. fxe4 Qf6 20. c5 Rad8 21. Qa5 Qxb2 22. Qxc7 Ne6 23. Qxc6 Kh8 24. cxd6 Rf8 25. Re2 Qb4 26. e5 Rc8 27. Qe4 Nf4 28. Qxb4 1-0

[Event "EU-ch U18"]
[Site "Bratislava"]
[Date "2019.08.06"]
[Round "5"]
[White "Papp, Levente"]
[Black "Garanin, Aleksei"]
[Result "1-0"]
[WhiteElo "2323"]
[BlackElo "2158"]
[PlyCount "65"]
[EventDate "2019.08.02"]
[EventType "swiss"]
[EventRounds "9"]
[EventCountry "SVK"]
[SourceTitle "CBM 191 Extra"]
[Source "ChessBase"]
[SourceDate "2019.09.30"]
[SourceVersion "1"]
[SourceVersionDate "2019.09.30"]
[SourceQuality "1"]

1. g3 Nf6 2. Bg2 g6 3. c4 Bg7 4. Nc3 0-0 5. e4 e5 6. Nge2 d6 7. 0-0 c6 8. d3 Nh5 9. Be3 Be6 10. h3 f5 11. exf5 gxf5 12. f4 Nd7 13. Qd2 Kh8 14. Rad1 Rg8 15. Kh2 Qe8 16. Rg1 Qg6 17. d4 Bf6 18. Bh1 e4 19. d5 cxd5 20. Nxd5 Rad8 21. Nd4 Bxd5 22. cxd5 Nc5 23. g4 fxg4 24. hxg4 Ng7 25. f5 Be5+ 26. Kh3 Nxf5 27. Nxf5 h5 28. Bxc5 hxg4+ 29. Kg2 Qxf5 30. Qh6+ Qh7 31. Qxh7+ Kxh7 32. Bd4 Bf4 33. Kf2 1-0

[Event "Baltic zt II Stage"]
[Site "Palanga"]
[Date "2018.06.17"]
[Round "5"]
[White "Klabis, Rokas"]
[Black "Garanin, Aleksei"]
[Result "1/2-1/2"]
[WhiteElo "2383"]
[BlackElo "2171"]
[PlyCount "99"]
[EventDate "2018.06.14"]
[EventType "swiss"]
[EventRounds "9"]
[EventCountry "LTU"]
[SourceTitle "CBM 184 Extra"]
[Source "ChessBase"]
[SourceDate "2018.06.28"]
[SourceVersion "1"]
[SourceVersionDate "2018.06.28"]
[SourceQuality "1"]

1. e4 c5 2. Nf3 d6 3. Bb5+ Nd7 4. a4 Ngf6 5. Nc3 g6 6. 0-0 Bg7 7. Re1 0-0 8. a5 a6 9. Bf1 e5 10. d3 h6 11. Bd2 Nb8 12. Na4 Nc6 13. Nb6 Rb8 14. Nxc8 Rxc8 15. g3 Qd7 16. Bc3 Rfe8 17. Nd2 d5 18. exd5 Nxd5 19. Bg2 Rcd8 20. Nc4 f5 21. Ra3 Nxc3 22. Bxc6 Qxc6 23. Rxc3 e4 24. Rb3 Kh7 25. Qc1 Rd4 26. h4 exd3 27. cxd3 Rxe1+ 28. Qxe1 Qf3 29. Nd2 Qd5 30. Qe2 Ra4 31. Qf3 Ra1+ 32. Kg2 Qe6 33. Qe3 Qxe3 34. fxe3 Rxa5 35. Rxb7 Rb5 36. Rxb5 axb5 37. b3 Bc3 38. Nf3 Kg7 39. Kf2 Kf6 40. Ke2 Ke6 41. d4 cxd4 42. exd4 Kd5 43. Kd3 b4 44. Ne5 g5 45. hxg5 hxg5 46. Nf3 f4 47. g4 Bb2 48. Nxg5 Bxd4 49. Nf3 Bc3 50. Ng5 1/2-1/2

[Event "Baltic zt II Stage"]
[Site "Palanga"]
[Date "2018.06.15"]
[Round "2"]
[White "Garanin, Aleksei"]
[Black "Miezis, Normunds"]
[Result "0-1"]
[WhiteElo "2171"]
[BlackElo "2468"]
[PlyCount "76"]
[EventDate "2018.06.14"]
[EventType "swiss"]
[EventRounds "9"]
[EventCountry "LTU"]
[SourceTitle "CBM 184 Extra"]
[Source "ChessBase"]
[SourceDate "2018.06.28"]
[SourceVersion "1"]
[SourceVersionDate "2018.06.28"]
[SourceQuality "1"]

1. d4 Nf6 2. c4 e6 3. g3 Bb4+ 4. Bd2 a5 5. Bg2 d5 6. Nf3 0-0 7. Qc2 Nc6 8. 0-0 Ne4 9. Rd1 a4 10. Nc3 Nxd2 11. Qxd2 Na5 12. cxd5 exd5 13. Qc2 a3 14. b3 Nc6 15. Ne5 Nxe5 16. dxe5 c6 17. Rd4 Qe7 18. Rh4 g6 19. Rc1 Re8 20. Na4 Ba5 21. f4 Qb4 22. f5 Qd2 23. e6 fxe6 24. fxg6 Qxc2 25. Rxc2 hxg6 26. e4 Kg7 27. e5 Bc7 28. Re2 b6 29. Rb4 Ba6 30. Rc2 b5 31. Rxc6 Ba5 32. Nc5 Bb7 33. Nxb7 Bxb4 34. Bh3 Rac8 35. Ra6 Rc1+ 36. Kf2 Rf8+ 37. Ke3 Re1+ 38. Kd4 Rf3 0-1

[Event "Baltic zt II Stage"]
[Site "Palanga"]
[Date "2018.06.15"]
[Round "3"]
[White "Haavamae, Henrik"]
[Black "Garanin, Aleksei"]
[Result "0-1"]
[WhiteElo "2209"]
[BlackElo "2171"]
[PlyCount "90"]
[EventDate "2018.06.14"]
[EventType "swiss"]
[EventRounds "9"]
[EventCountry "LTU"]
[SourceTitle "CBM 184 Extra"]
[Source "ChessBase"]
[SourceDate "2018.06.28"]
[SourceVersion "1"]
[SourceVersionDate "2018.06.28"]
[SourceQuality "1"]

1. e4 c5 2. Nc3 d6 3. d4 cxd4 4. Qxd4 Nc6 5. Qd2 Nf6 6. b3 g6 7. Bb2 Bg7 8. 0-0-0 0-0 9. f3 a5 10. Bb5 Qb6 11. Kb1 Rd8 12. g4 Be6 13. g5 Ne8 14. a4 Nc7 15. Nge2 d5 16. exd5 Bxd5 17. Nxd5 Rxd5 18. Bd3 Bxb2 19. Kxb2 Ne6 20. Nc3 Qd4 21. Kb1 Rxg5 22. h4 Rh5 23. Ne2 Qf6 24. Ng3 Rxh4 25. Qf2 Rxh1 26. Rxh1 Rd8 27. Qh2 Nf8 28. Ne4 Qg7 29. Qc7 Rd7 30. Qc8 Qe5 31. Bc4 Qb8 32. Qxb8 Nxb8 33. c3 b6 34. b4 axb4 35. cxb4 Rd4 36. Rh4 Kg7 37. Bxf7 Rxb4+ 38. Kc2 Rxe4 39. Rxe4 Kxf7 40. Kc3 Ne6 41. Kc4 Nd7 42. Kb5 Nec5 43. Rd4 Ke6 44. Kc6 h5 45. Rd1 h4 0-1

[Event "EU-ch U16 27th"]
[Site "Mamaia"]
[Date "2017.09.08"]
[Round "4"]
[White "Tryggestad, Andreas Garberg"]
[Black "Garanin, Aleksei"]
[Result "1/2-1/2"]
[WhiteElo "2302"]
[BlackElo "2140"]
[PlyCount "93"]
[EventDate "2017.09.05"]
[EventType "swiss"]
[EventRounds "9"]
[EventCountry "ROU"]
[SourceTitle "CBM 180 Extra"]
[Source "ChessBase"]
[SourceDate "2017.10.06"]
[SourceVersion "1"]
[SourceVersionDate "2017.10.06"]
[SourceQuality "1"]

1. e4 c5 2. c3 d5 3. exd5 Qxd5 4. d4 Nc6 5. Nf3 Bf5 6. Be3 cxd4 7. Nxd4 Bxb1 8. Rxb1 Nxd4 9. Bxd4 a6 10. Be2 e6 11. Bf3 Qd7 12. Qb3 0-0-0 13. Qb6 Ne7 14. Rd1 Nd5 15. Qa7 Qc7 16. 0-0 Bd6 17. g3 Be5 18. Qa8+ Kd7 19. Bxe5 Rxa8 20. Bxc7 Kxc7 21. Bxd5 exd5 22. Rxd5 Rad8 23. Rxd8 Rxd8 24. Re1 Rd7 25. Kg2 Kc6 26. Kf3 b5 27. Re8 a5 28. Rc8+ Kb7 29. Rg8 g6 30. Ke2 Kc6 31. g4 Re7+ 32. Kd2 Rd7+ 33. Kc1 Rd3 34. Rg7 Rf3 35. Rxh7 Rxf2 36. h4 a4 37. h5 gxh5 38. gxh5 Rf1+ 39. Kd2 Rf2+ 40. Ke3 Rxb2 41. a3 Rh2 42. Rh8 Kd5 43. h6 Rh3+ 44. Kd2 Rh2+ 45. Kd3 Rh3+ 46. Kc2 Rh2+ 47. Kd3 1/2-1/2

[Event "EU-chT U18"]
[Site "Rymanow Zdroj"]
[Date "2017.08.17"]
[Round "1.8"]
[White "Garanin, Aleksei"]
[Black "Gokerkan, Cem Kaan"]
[Result "0-1"]
[WhiteElo "2192"]
[BlackElo "2357"]
[PlyCount "166"]
[EventDate "2017.08.17"]
[EventType "team-swiss"]
[EventRounds "7"]
[EventCountry "POL"]
[SourceTitle "CBM 180 Extra"]
[Source "ChessBase"]
[SourceDate "2017.10.06"]
[SourceVersion "1"]
[SourceVersionDate "2017.10.06"]
[SourceQuality "1"]
[WhiteTeam "Estonia U18"]
[BlackTeam "Turkey U18"]
[WhiteTeamCountry "EST"]
[BlackTeamCountry "TUR"]

1. e4 c5 2. Nf3 d6 3. d4 cxd4 4. Nxd4 Nf6 5. Nc3 a6 6. Be3 e5 7. Nb3 Be6 8. f3 Nbd7 9. Qd2 b5 10. a4 b4 11. Nd5 Bxd5 12. exd5 Nb6 13. Bxb6 Qxb6 14. a5 Qb7 15. Bc4 Be7 16. 0-0 0-0 17. Ra4 Rfb8 18. Nc1 Bd8 19. Kh1 Nd7 20. Nd3 Qc8 21. b3 Nc5 22. Rxb4 Bxa5 23. Rxb8 Bxd2 24. Rxc8+ Rxc8 25. Rd1 Ba5 26. Nc1 Bb6 27. Na2 a5 28. Nc3 f5 29. Nb5 Rd8 30. c3 Nb7 31. g3 Kf7 32. Kg2 g6 33. Kf1 Rc8 34. Ra1 Ke7 35. Ke2 Nc5 36. b4 axb4 37. cxb4 Ne4 38. Kd3 Nf2+ 39. Kc3 e4 40. Nd4 Bxd4+ 41. Kxd4 exf3 42. Rf1 Ne4 43. Bd3 Rb8 44. b5 Ra8 45. b6 Ra4+ 46. Ke3 Nc3 47. Kd2 Ne4+ 48. Bxe4 Rxe4 49. Rxf3 Rb4 50. Rc3 Rxb6 51. Rc7+ Kf6 52. Rxh7 Rb5 53. Ke3 Rxd5 54. h4 Re5+ 55. Kf3 Re7 56. Rh8 Ke5 57. Rg8 Re6 58. Ke3 d5 59. Rd8 Ra6 60. Re8+ Kd6 61. Rd8+ Kc5 62. Rc8+ Rc6 63. Re8 Kc4 64. Re7 Kc3 65. Rd7 d4+ 66. Ke2 Re6+ 67. Kd1 Re3 68. Rc7+ Kd3 69. Ra7 Re6 70. Ra5 Ke4 71. Rb5 Ra6 72. Rb3 Ra1+ 73. Kd2 Ra2+ 74. Kd1 Rg2 75. Ra3 d3 76. Ra8 Rxg3 77. Rg8 Rg1+ 78. Kd2 Rg2+ 79. Kd1 Ke3 80. Re8+ Kf4 81. Rh8 Kf3 82. Rd8 Kg4 83. Rd4+ Kh5 0-1

[Event "Riga Tech op 7th"]
[Site "Riga"]
[Date "2017.08.07"]
[Round "1"]
[White "Dastan, Batuhan Muhammed"]
[Black "Garanin, Aleksei"]
[Result "1-0"]
[WhiteElo "2529"]
[BlackElo "2192"]
[PlyCount "83"]
[EventDate "2017.08.07"]
[EventType "swiss"]
[EventRounds "9"]
[EventCountry "LAT"]
[SourceTitle "CBM 179 Extra"]
[Source "ChessBase"]
[SourceDate "2017.08.23"]
[SourceVersion "1"]
[SourceVersionDate "2017.08.23"]
[SourceQuality "1"]

1. e4 c5 2. Nf3 d6 3. d4 cxd4 4. Nxd4 Nf6 5. Nc3 a6 6. h4 e5 7. Nb3 Be6 8. f4 Qc7 9. f5 Bc4 10. Nd2 Bxf1 11. Nxf1 Qc6 12. Qf3 b5 13. Ne3 Nbd7 14. Bd2 Nb6 15. a3 Rd8 16. 0-0-0 a5 17. Ncd5 Nfxd5 18. exd5 Qa8 19. f6 gxf6 20. Qxf6 Rg8 21. Rhf1 Rd7 22. Qf3 b4 23. a4 Nxa4 24. g4 Nc5 25. g5 b3 26. Ng4 Bg7 27. cxb3 a4 28. Bb4 axb3 29. Ba3 Qa4 30. Kb1 e4 31. Nf6+ Bxf6 32. Qxf6 Qc4 33. Rf2 e3 34. Rd4 Qa6 35. Rf1 Qe2 36. Rc1 Qf2 37. Rf4 Qd2 38. Rb4 Rd8 39. Rd4 Qg2 40. Bxc5 Rg6 41. Qh8+ Ke7 42. Qe5+ 1-0

[Event "EST-ch"]
[Site "Tallinn"]
[Date "2017.08.06"]
[Round "7"]
[White "Garanin, Aleksei"]
[Black "Haavamae, Henrik"]
[Result "1-0"]
[WhiteElo "2192"]
[BlackElo "2064"]
[PlyCount "147"]
[EventDate "2017.08.01"]
[EventType "swiss"]
[EventRounds "7"]
[EventCountry "EST"]
[SourceTitle "CBM 179 Extra"]
[Source "ChessBase"]
[SourceDate "2017.08.23"]
[SourceVersion "1"]
[SourceVersionDate "2017.08.23"]
[SourceQuality "1"]

1. d4 Nf6 2. c4 e6 3. g3 d5 4. Nf3 Bb4+ 5. Bd2 Be7 6. Bg2 0-0 7. Qc2 Nbd7 8. 0-0 c6 9. Nc3 Nb6 10. c5 Nc4 11. Bf4 b6 12. b3 Na3 13. Qc1 bxc5 14. dxc5 Qa5 15. Na4 Nb5 16. Ne5 Qa6 17. Rd1 Nd7 18. e4 Bf6 19. Nxd7 Bxd7 20. e5 Be7 21. Bg5 f6 22. exf6 Bxf6 23. Bxf6 Rxf6 24. Qe3 Re8 25. f4 Qa5 26. Nb2 e5 27. fxe5 Bg4 28. Re1 Rfe6 29. Nd3 Qc3 30. Rac1 Qd4 31. Qxd4 Nxd4 32. Kf2 Rf8+ 33. Ke3 Nf3 34. Bxf3 Bxf3 35. Nf4 Rxe5+ 36. Kxf3 Rxe1 37. Rxe1 g5 38. Re6 gxf4 39. gxf4 Rc8 40. Re7 a5 41. Ra7 Rd8 42. Rc7 d4 43. Rxc6 Rd5 44. Rd6 Rxc5 45. Rxd4 Rc2 46. Ra4 Rc5 47. Ke4 Kf7 48. Rc4 Rh5 49. Rc2 Kf6 50. Kf3 Rb5 51. Rc4 Rd5 52. Re4 Rd2 53. Re2 Rd4 54. Ke3 Rb4 55. Rc2 Rb5 56. Kd4 Rf5 57. Rc6+ Kf7 58. Ke4 Rh5 59. Ra6 Rb5 60. f5 Kg7 61. Ra7+ Kh6 62. h4 Rc5 63. Rd7 Rc2 64. Ke5 Rxa2 65. Kf6 a4 66. bxa4 Rxa4 67. Kf7 Rxh4 68. f6 Rf4 69. Rd1 Kg5 70. Rg1+ Kh4 71. Kg7 h5 72. Kg6 Kh3 73. Kg5 Rf3 74. Rh1+ 1-0

[Event "Panevezys op-A"]
[Site "Panevezys"]
[Date "2017.07.07"]
[Round "6"]
[White "Garanin, Aleksei"]
[Black "Stasans, Aivars"]
[Result "0-1"]
[WhiteElo "2296"]
[BlackElo "2117"]
[PlyCount "66"]
[EventDate "2017.07.03"]
[EventType "swiss"]
[EventRounds "9"]
[EventCountry "LTU"]
[SourceTitle "CBM 179 Extra"]
[Source "ChessBase"]
[SourceDate "2017.08.23"]
[SourceVersion "1"]
[SourceVersionDate "2017.08.23"]
[SourceQuality "1"]

1. d4 d5 2. c4 e6 3. Nf3 Nf6 4. g3 dxc4 5. Bg2 Nc6 6. 0-0 Rb8 7. Nc3 Be7 8. Qa4 0-0 9. Qxc4 a6 10. Rd1 b5 11. Qd3 Nb4 12. Qb1 Bb7 13. e4 a5 14. Bf4 Ba8 15. a4 bxa4 16. Rxa4 Nc6 17. d5 exd5 18. exd5 Nb4 19. Rxa5 Bd6 20. Ne5 g5 21. Bxg5 Bxe5 22. Qf5 Qd6 23. Ne4 Nxe4 24. Bxe4 Qg6 25. Qxe5 f5 26. Be7 fxe4 27. Bxf8 Rxf8 28. Rd4 Qf7 29. f4 c5 30. Rxc5 Nd3 31. Qg5+ Kh8 32. Ra5 Qc7 33. Rda4 Qc2 0-1

[Event "Panevezys op-A"]
[Site "Panevezys"]
[Date "2017.07.04"]
[Round "3"]
[White "Garanin, Aleksei"]
[Black "Yevseev, Denis"]
[Result "0-1"]
[WhiteElo "2296"]
[BlackElo "2522"]
[PlyCount "66"]
[EventDate "2017.07.03"]
[EventType "swiss"]
[EventRounds "9"]
[EventCountry "LTU"]
[SourceTitle "CBM 179 Extra"]
[Source "ChessBase"]
[SourceDate "2017.08.23"]
[SourceVersion "1"]
[SourceVersionDate "2017.08.23"]
[SourceQuality "1"]

1. d4 d5 2. c4 c6 3. Nf3 Nf6 4. e3 Bf5 5. Nc3 e6 6. Qb3 Qb6 7. Nh4 Be4 8. c5 Qc7 9. f3 Bg6 10. Bd2 Nbd7 11. Be2 Be7 12. Qa4 e5 13. Nxg6 hxg6 14. g3 Nf8 15. Nd1 Ne6 16. Nf2 Nd7 17. 0-0 0-0 18. Bc3 exd4 19. exd4 b6 20. cxb6 axb6 21. Qb3 b5 22. Rfd1 Qb6 23. Bb4 Bxb4 24. Qxb4 Ra4 25. Qd6 Nf6 26. b3 Rxd4 27. Bd3 Rd8 28. Qe5 c5 29. a4 c4 30. Bc2 bxa4 31. bxa4 Rxd1+ 32. Rxd1 d4 33. a5 Qc5 0-1

[Event "Baltic zt"]
[Site "Liepaja"]
[Date "2017.06.21"]
[Round "8"]
[White "Sulskis, Sarunas"]
[Black "Garanin, Aleksei"]
[Result "1-0"]
[WhiteElo "2521"]
[BlackElo "2220"]
[PlyCount "85"]
[EventDate "2017.06.16"]
[EventType "swiss"]
[EventRounds "9"]
[EventCountry "LAT"]
[SourceTitle "CBM 179 Extra"]
[Source "ChessBase"]
[SourceDate "2017.08.23"]
[SourceVersion "1"]
[SourceVersionDate "2017.08.23"]
[SourceQuality "1"]

1. e4 c5 2. Nc3 d6 3. f4 Nf6 4. Nf3 g6 5. Bc4 Bg7 6. 0-0 0-0 7. d3 Nc6 8. Qe1 Nd4 9. Qh4 Bg4 10. Nxd4 cxd4 11. Nd5 Be6 12. f5 Bxd5 13. exd5 Nd7 14. Bg5 Re8 15. fxg6 hxg6 16. Rf3 f6 17. Bh6 Kf7 18. Bxg7 Kxg7 19. Qxd4 Ne5 20. Rg3 Qa5 21. Bb3 Qc5 22. Qe3 Qxe3+ 23. Rxe3 g5 24. d4 Ng6 25. c3 Rac8 26. Rae1 b5 27. Bc2 b4 28. Bxg6 Kxg6 29. cxb4 Rc4 30. Rxe7 Rxe7 31. Rxe7 Rxb4 32. b3 a5 33. Ra7 Rb5 34. Kf2 Rxd5 35. Ke3 g4 36. Ra6 Kf5 37. Ra8 Ke6 38. Re8+ Kd7 39. Rg8 f5 40. a4 f4+ 41. Ke4 Rh5 42. Rxg4 Rxh2 43. Rg5 1-0

[Event "Baltic zt"]
[Site "Liepaja"]
[Date "2017.06.20"]
[Round "6"]
[White "Garanin, Aleksei"]
[Black "Krivonosov, Oleg"]
[Result "1-0"]
[WhiteElo "2220"]
[BlackElo "2426"]
[PlyCount "65"]
[EventDate "2017.06.16"]
[EventType "swiss"]
[EventRounds "9"]
[EventCountry "LAT"]
[SourceTitle "CBM 179 Extra"]
[Source "ChessBase"]
[SourceDate "2017.08.23"]
[SourceVersion "1"]
[SourceVersionDate "2017.08.23"]
[SourceQuality "1"]

1. d4 d5 2. c4 e6 3. Nf3 Nf6 4. g3 Bb4+ 5. Bd2 Be7 6. Bg2 0-0 7. 0-0 c6 8. Qc2 Nbd7 9. Rd1 b6 10. Nc3 Bb7 11. e4 Rc8 12. e5 Ne8 13. cxd5 cxd5 14. Bf1 Nb8 15. Bd3 h6 16. Qa4 a6 17. Rac1 b5 18. Qb3 Nc6 19. Na4 Ba8 20. Nc5 Nxd4 21. Nxd4 Rxc5 22. Bb1 Rc4 23. Qd3 g6 24. Nxe6 Qb6 25. Nxf8 Bxf8 26. b3 Qc6 27. e6 f5 28. Qe2 d4 29. f3 Rc3 30. Bxc3 dxc3 31. e7 Bg7 32. Rd8 Kh7 33. Rcd1 1-0

[Event "Keres Memorial rap 26th"]
[Site "Tallinn"]
[Date "2017.01.15"]
[Round "10"]
[White "Garanin, Aleksei"]
[Black "Kukk, Sander"]
[Result "0-1"]
[WhiteElo "2174"]
[BlackElo "2178"]
[PlyCount "99"]
[EventDate "2017.01.14"]
[EventType "swiss (rapid)"]
[EventRounds "11"]
[EventCountry "EST"]
[SourceTitle "CBM 176 Extra"]
[Source "ChessBase"]
[SourceDate "2017.03.02"]
[SourceVersion "1"]
[SourceVersionDate "2017.03.02"]
[SourceQuality "1"]

1. d4 g6 2. c4 Bg7 3. Nc3 Nf6 4. Nf3 0-0 5. g3 d6 6. Bg2 Nc6 7. 0-0 e5 8. d5 Nb4 9. e4 Na6 10. Ne1 c5 11. Nd3 Bg4 12. f3 Bd7 13. f4 exf4 14. Bxf4 Bg4 15. Qd2 Nh5 16. Bg5 Bd4+ 17. Kh1 Qd7 18. Nb5 Bg7 19. Nf2 Be5 20. Qe3 Nb4 21. Qd2 f5 22. Nxg4 fxg4 23. a3 Na6 24. Bh6 Rxf1+ 25. Rxf1 Nc7 26. Nxc7 Qxc7 27. Qf2 Qe7 28. b4 b6 29. bxc5 bxc5 30. Rb1 Bd4 31. Qe2 Qd7 32. Rb3 Re8 33. Qf1 Nf6 34. Qb1 Qe7 35. Rb7 Qe5 36. Bf4 Qh5 37. Bxd6 Qh6 38. Qf1 Qe3 39. Bf4 Qc3 40. d6 Nxe4 41. Bxe4 Rxe4 42. d7 Bf6 43. Rb1 Rd4 44. Rb8+ Kg7 45. d8R Rxd8 46. Rxd8 Bxd8 47. Bd6 Bf6 48. Bxc5 Qa5 49. Bb4 Qe5 50. h3 0-1

[Event "EU-ch U18 26th"]
[Site "Prague"]
[Date "2016.08.27"]
[Round "9"]
[White "Triger, Ramon"]
[Black "Garanin, Aleksei"]
[Result "0-1"]
[WhiteElo "2215"]
[BlackElo "2118"]
[PlyCount "82"]
[EventDate "2016.08.18"]
[EventType "swiss"]
[EventRounds "9"]
[EventCountry "CZE"]
[SourceTitle "CBM 174 Extra"]
[Source "ChessBase"]
[SourceDate "2016.10.10"]
[SourceVersion "1"]
[SourceVersionDate "2016.10.10"]
[SourceQuality "1"]

1. Nf3 d5 2. g3 Nf6 3. Bg2 Bf5 4. d3 e6 5. 0-0 c6 6. Nbd2 Be7 7. h3 0-0 8. Nh4 Bg6 9. Nxg6 hxg6 10. e4 dxe4 11. dxe4 e5 12. Nc4 Qc7 13. b3 Nbd7 14. Bb2 b5 15. Ne3 Nc5 16. Ng4 Nfd7 17. Qe2 Ne6 18. Rad1 a5 19. a3 a4 20. b4 Bf6 21. c4 bxc4 22. Qxc4 Nb6 23. Qc2 Rfc8 24. Rc1 c5 25. bxc5 Nxc5 26. f4 Qe7 27. Qf2 Nbd7 28. Nxf6+ gxf6 29. fxe5 fxe5 30. Rcd1 Rab8 31. Rd5 Rb3 32. Ba1 Rxa3 33. h4 Rc6 34. Qe1 Nd3 35. Qa5 Rc5 36. Qa8+ Kg7 37. Kh1 Nb6 38. Qb8 Nxd5 39. exd5 Qc7 40. Qe8 Rc1 41. Bxe5+ Nxe5 0-1

[Event "Viljandi Raud Memorial 50th"]
[Site "Viljandi"]
[Date "2016.07.05"]
[Round "9"]
[White "Abozenko, Georg"]
[Black "Garanin, Aleksei"]
[Result "1-0"]
[WhiteElo "2023"]
[BlackElo "2068"]
[PlyCount "149"]
[EventDate "2016.06.27"]
[EventType "swiss"]
[EventRounds "9"]
[EventCountry "EST"]
[SourceTitle "CBM 173 Extra"]
[Source "ChessBase"]
[SourceDate "2016.08.29"]
[SourceVersion "1"]
[SourceVersionDate "2016.08.29"]
[SourceQuality "1"]

1. d4 Nf6 2. c4 g6 3. Nc3 Bg7 4. Nf3 0-0 5. Bg5 d6 6. e3 c5 7. Be2 h6 8. Bxf6 Bxf6 9. 0-0 cxd4 10. Nxd4 Nc6 11. Qd2 Bd7 12. Rfd1 Bg7 13. Rab1 Rc8 14. Nf3 Ne5 15. Nxe5 Bxe5 16. b4 a6 17. Nd5 e6 18. Nc3 d5 19. c5 Qf6 20. Rdc1 Rfd8 21. f4 Bb8 22. Bf3 Bc6 23. Ne2 g5 24. g3 e5 25. Bg4 Bd7 26. fxe5 Qxe5 27. Bxd7 Rxd7 28. Nd4 Re7 29. Rf1 Qxe3+ 30. Qxe3 Rxe3 31. Nf5 Re6 32. Rbe1 Rce8 33. Nxh6+ Kh7 34. Rxe6 fxe6 35. Ng4 Kg7 36. Kg2 d4 37. Rd1 e5 38. Kf3 e4+ 39. Ke2 Rd8 40. Nf2 e3 41. Ng4 Bc7 42. a4 Kg6 43. Rf1 Rd7 44. b5 axb5 45. axb5 Rd5 46. Rc1 Kf5 47. Kf3 Ke6 48. b6 Bb8 49. Ke4 Rd8 50. Ra1 e2 51. Kd3 Kd5 52. Rc1 Rc8 53. Nf6+ Ke5 54. Nd7+ Kd5 55. Nf6+ Ke5 56. Ne4 Rf8 57. Nd2 Rf2 58. Re1 Kd5 59. Rxe2 Rxe2 60. Kxe2 g4 61. Kd3 Kxc5 62. Ne4+ Kxb6 63. Kxd4 Kc6 64. Nf6 Kd6 65. Nxg4 Ke6 66. Ne3 Kf6 67. Ke4 Kg5 68. Kd5 Ba7 69. Nc4 Bg1 70. h3 Bh2 71. g4 b5 72. Nd2 b4 73. Kc4 Kf4 74. Kxb4 Kg3 75. Nf1+ 1-0